Valparaíso y sus cerros de nochebuena
Uloženo v:
| Hlavní autor: | |
|---|---|
| Médium: | Kniha |
| Jazyk: | španělština |
| Vydáno: |
Valparaíso
Universidad de Valparaíso
2002
|
| Edice: | Breviarios de Valparaíso
|
| Témata: | |
| Tagy: |
Přidat tag
Žádné tagy, Buďte první, kdo vytvoří štítek k tomuto záznamu!
|
MARC
| LEADER | 00000nam a2200000 a 4500 | ||
|---|---|---|---|
| 001 | UCL0707 | ||
| 003 | CL-VaPUC | ||
| 008 | 030808e20020000CL |||||||||||||||||spa|d | ||
| 082 | 0 | 4 | |a Ch863 |b DHA |2 21 |
| 100 | 0 | |a D'Halmar, Augusto |e author |9 315574 | |
| 245 | 1 | 0 | |a Valparaíso y sus cerros de nochebuena |
| 300 | |a 23 p | ||
| 651 | 0 | |a Valparaíso, Chile |9 261144 | |
| 942 | |c BK | ||
| 945 | |d 20030808 00:00:00 |a cmena | ||
| 260 | |a Valparaíso |b Universidad de Valparaíso |c 2002 | ||
| 650 | 0 | |a Literatura chilena |9 308278 | |
| 650 | 0 | |a Crónicas chilenas |9 321511 | |
| 583 | |a last modification |c 20030808 00:00:00 |k Rodrigo Vera | ||
| 490 | 0 | |a Breviarios de Valparaíso | |
| 999 | |c 304521 |d 304519 | ||
| 952 | |0 0 |1 0 |4 0 |6 CH_863_000000000000000_DHA_2002 |7 0 |8 A |9 366858 |a BIBEDU |b BIBEDU |d 2019-11-21 |i 3931331 |o Ch863 DHA 2002 |p 3931331 |r 2019-11-21 |w 2019-11-21 |y BK |k LIT | ||